[Event "Williamson"]
[Site "101"]
[Date "2022.02.04"]
[Round "1"]
[White "Mandar Tahmankar"]
[Black "Michael Sheerin"]
[Result "1-0"]
[WhiteElo "2099"]
[BlackElo "1683"]
[EventDate "2022.02.04"]

1.d4 d5 2.c4 e6 3.Nf3 Nf6 4.Nc3 dxc4 5.g3 c5 6.Bg2 Nc6 7.e3 cxd4 8.Nxd4 
Nxd4 9.exd4 a6 10.O-O Be7 11.Qa4+ Bd7 12.Qxc4 Rc8 13.Qb3 Bc6 14.Bxc6+ Rxc6
15.Qxb7 Rb6 16.Qf3 h5 17.h3 O-O 18.Rd1 h4 19.g4 Nd5 20.Nxd5 exd5 21.Qf5 g6
22.Qf4 Kg7 23.b3 f5 24.Bd2 g5 25.Qe5+ Bf6 26.Bxg5 fxg4 27.hxg4 Bxe5 28.
Bxd8 Rxd8 29.dxe5 Rb4 30.f3 Kg6 31.Rd3 Kg5 32.Re1 Kf4 33.Kg2 d4 34.Re4+ 
Kg5 35.Kh3 1-0

[Event "Williamson"]
[Site "102"]
[Date "2022.02.04"]
[Round "1"]
[White "Conor Spackman"]
[Black "Gareth Annesley"]
[Result "0-1"]
[WhiteElo "1664"]
[BlackElo "1934"]

1.e4 e5 2.Nf3 Nc6 3.Bb5 a6 4.Ba4 Nf6 5.O-O b5 6.Bb3 Bc5 7.d3 Bb6 8.Bg5 h6 
9.Bh4 g5 10.Bg3 Qe7 11.Nc3 d6 12.a4 b4 13.Nd5 Nxd5 14.Bxd5 Bb7 15.Nd2 h5 
16.h3 Nd8 17.a5 Ba7 18.Bxb7 Nxb7 19.c3 bxc3 20.Qa4+ Qd7 21.Qxd7+ Kxd7 22.
bxc3 Nc5 23.d4 exd4 24.cxd4 Ne6 25.d5 Nd4 26.Kh1 f5 27.exf5 Nxf5 28.Ne4 g4
29.h4 Rhf8 30.Rab1 Rae8 31.Ng5 Re3 32.Ne6 Rf7 33.Rfc1 Nxg3+ 34.fxg3 Bc5 
35.Rb7 Rxe6 36.dxe6+ Kxe6 37.Rb8 Bf2 38.Kh2 c5 39.Ra8 Kd5 40.Rxa6 c4 41.
Ra8 Bd4 42.Rg8 c3 43.Rg5+ Kc4 44.Rg8 Rc7 45.Rb8 Be3 46.Rd1 c2 0-1

[Event "Williamson"]
[Site "103"]
[Date "2022.02.04"]
[Round "1"]
[White "Dean Gorman"]
[Black "James O'Fee"]
[Result "1-0"]
[WhiteElo "1800"]
[BlackElo "1615"]
[EventDate "2022.02.04"]

1.e4 e6 2.e5 d5 3.exd6 Qxd6 4.d4 c5 5.Be3 cxd4 6.Qxd4 Qxd4 7.Bxd4 Nc6 8.
Be3 Nf6 9.c3 Be7 10.Nf3 Bd7 11.Nbd2 h6 12.h3 Nd5 13.Bd4 Nxd4 14.Nxd4 a6 
15.Bd3 O-O 16.O-O Rad8 17.Be4 Bc8 18.Nc4 Bf6 19.Nc2 b5 20.N4e3 Nxe3 21.
Nxe3 Rd2 22.Nd1 Rfd8 23.f4 R8d7 24.Rb1 Bh4 25.Bc6 R7d6 26.Bf3 Bg3 27.Ba8 
e5 28.fxe5 Bxe5 29.Nf2 Rg6 30.Rbd1 Rxd1 31.Rxd1 Bc7 32.b3 Bb6 33.Kf1 Rf6 
34.Bf3 Kf8 35.Rd2 Ke7 36.Ke2 Re6+ 37.Kd1 f5 38.b4 Be3 39.Re2 g5 40.g4 f4 
41.Ne4 Bb7 42.Nxg5 hxg5 43.Bxb7 Kf6 44.Kc2 Ke5 45.Kb3 Kd6 46.a4 Kc7 47.Bf3
Rh6 48.Rh2 Kb6 49.Rh1 Rd6 50.h4 gxh4 51.Rxh4 bxa4+ 52.Kxa4 Bd2 53.c4 Rd3 
54.c5+ Ka7 55.Rh7+ Kb8 56.Be2 Rd4 57.Bxa6 Bxb4 58.Rb7+ 1-0

[Event "Williamson"]
[Site "104"]
[Date "2022.02.04"]
[Round "1"]
[White "Adam Rushe"]
[Black "James McDonnell"]
[Result "0-1"]
[WhiteElo "1610"]
[BlackElo "1759"]
[EventDate "2022.02.04"]

1.e4 c5 2.d4 cxd4 3.c3 Nf6 4.e5 Nd5 5.cxd4 e6 6.Nf3 Nc6 7.Nc3 Nxc3 8.bxc3 
d6 9.exd6 Bxd6 10.Bd3 Be7 11.Be3 O-O 12.h4 Qa5 13.Qd2 Nb4 14.Be2 Nd5 15.
Rc1 Ba3 16.Rb1 a6 17.Qd3 Be7 18.Qd2 Qxc3 19.Ne5 Bb4 20.Nd3 Nxe3 21.Nxb4 
Nxg2+ 22.Kd1 Qxd2+ 23.Kxd2 Nf4 24.Bf3 Rd8 25.Rhg1 Nd5 26.Nxd5 exd5 27.h5 
b5 0-1

[Event "Williamson"]
[Site "105"]
[Date "2022.02.04"]
[Round "1"]
[White "Robert Lavery"]
[Black "Cathan Gormley"]
[Result "0-1"]
[WhiteElo "1685"]
[BlackElo "1600"]
[EventDate "2022.02.04"]

1.e4 c5 2.Nf3 g6 3.d4 cxd4 4.Nxd4 Nf6 5.Nc3 d6 6.Be3 Bg7 7.f3 O-O 8.Qd2 
Nc6 9.Bc4 Bd7 10.O-O-O Rc8 11.Bb3 Nxd4 12.Bxd4 b5 13.Kb1 a5 14.Bd5 b4 15.
Ne2 Bb5 16.c4 Ba6 17.e5 dxe5 18.Bxe5 e6 19.Bxf6 Qxf6 20.Be4 Bxc4 21.Ng3 h5
22.h4 Qe5 23.Qf2 a4 24.Bd3 a3 25.Rhe1 Qxb2+ 26.Qxb2 Bxb2 27.Bc2 Bxa2+ 0-1

[Event "Williamson"]
[Site "108"]
[Date "2022.02.04"]
[Round "1"]
[White "Adrian Dornford Smith"]
[Black "Cathal Murphy"]
[Result "0-1"]
[WhiteElo "1248"]
[BlackElo "1551"]
[EventDate "2022.02.04"]

1.e4 c5 2.Bc4 g6 3.c3 Bg7 4.Nf3 Nc6 5.O-O Nh6 6.d3 d6 7.Bg5 Ng4 8.h3 Nge5 
9.Bb3 O-O 10.Bc2 b5 11.a3 b4 12.axb4 cxb4 13.Nxe5 Bxe5 14.d4 Bg7 15.Nd2 
bxc3 16.bxc3 Qc7 17.Nf3 Re8 18.Ba4 Bd7 19.Qd2 Nd8 20.Bc2 Ne6 21.Be3 Rec8 
22.Ra3 Bb5 23.Rc1 Bc4 24.Qe1 Rcb8 25.Rb1 Rxb1 26.Qxb1 Rb8 27.Qa1 a6 28.Nd2
Bb5 29.Rb3 Nxd4 30.Bxd4 Bxd4 31.Nf3 Bg7 32.Nd2 Rc8 33.Nb1 e6 34.Bd1 Bd3 
35.Bf3 Bxb1 36.Qxb1 Bxc3 37.Rb7 Qc5 38.Qc1 Bd4 39.Qf4 Qc1+ 40.Qxc1 Rxc1+ 
41.Kh2 Bxf2 42.Be2 a5 43.Rb8+ Kg7 44.Ra8 Ra1 45.Ra6 d5 46.exd5 exd5 47.Rd6
d4 48.Bc4 Be3 49.Rd7 Bg1+ 50.Kg3 Ra3+ 51.Kg4 h5+ 52.Kf4 Bh2+ 53.Ke4 Bg1 
54.Rxf7+ Kh6 55.Rf6 Re3+ 56.Kd5 d3 57.Kc6 d2 58.Bf7 d1=Q 59.Bxg6 Qa4+ 60.
Kb7 Re7+ 61.Ka6 Ra7# 0-1

[Event "Williamson"]
[Site "109"]
[Date "2022.02.04"]
[Round "1"]
[White "Chris Armstrong"]
[Black "Sett Podean"]
[Result "0-1"]
[WhiteElo "1507"]
[BlackElo "1248"]
[EventDate "2022.02.04"]

1.d4 d5 2.c4 Nf6 3.cxd5 Nxd5 4.e4 Nb6 5.Nc3 g6 6.Bd3 Bg7 7.Be3 O-O 8.Nge2 
c6 9.Qd2 Re8 10.f4 e6 11.O-O f5 12.e5 Nd5 13.Bf2 b5 14.a4 b4 15.Nxd5 Qxd5 
16.Qxb4 Bf8 17.Qc4 Ba6 18.Qxd5 cxd5 19.Bxa6 Nxa6 20.Be1 Nb4 21.Bc3 Rab8 
22.Rf3 Rec8 23.a5 Rc4 24.b3 Rc7 25.Bxb4 Rxb4 26.Rc1 Rxc1+ 27.Nxc1 Rxd4 28.
Nd3 Kf7 29.Kf2 Re4 30.g3 h6 31.Re3 g5 32.Ke2 d4 33.Rxe4 fxe4 34.Nf2 d3+ 
35.Kd1 gxf4 36.gxf4 Kg6 37.Nxe4 Kf5 38.Nf2 Kxf4 39.Nxd3+ Ke4 40.Ke2 Bg7 
41.b4 Bxe5 42.Nxe5 Kxe5 43.b5 Kd6 44.b6 axb6 45.axb6 Kc6 46.Ke3 Kxb6 47.
Ke4 Kc6 48.Ke5 Kd7 49.h4 Ke7 50.Ke4 Kf6 51.Kf4 e5+ 52.Ke4 Ke6 53.Ke3 h5 
54.Ke4 Kf6 55.Ke3 Kf5 56.Kf3 e4+ 57.Ke3 Ke5 58.Ke2 Kf6 59.Ke3 Kf5 60.Ke2 
0-1

[Event "Williamson"]
[Site "110"]
[Date "2022.02.04"]
[Round "1"]
[White "Ethan Cole"]
[Black "Bobby Thompson"]
[Result "1/2-1/2"]
[WhiteElo "1233"]
[BlackElo "1483"]
[EventDate "2022.02.04"]

1.e4 e6 2.d4 d5 3.exd5 Qxd5 4.Nc3 Bb4 5.Qd3 Nc6 6.Nf3 Nf6 7.Bd2 Qa5 8.a3 
O-O 9.Be2 Rd8 10.O-O Bxc3 11.Bxc3 Qb6 12.Qb5 Qxb5 13.Bxb5 Bd7 14.Rad1 a6 
15.Ba4 b5 16.Bb3 Ne7 17.Rfe1 Ned5 18.Bxd5 Nxd5 19.Ba5 Rdc8 20.Ne5 Be8 21.
Rd3 c5 22.c3 c4 23.Rf3 Nf6 24.Bb4 Bc6 25.Rf4 Ra7 26.Bc5 Rb7 27.Rh4 Nd7 28.
Nxd7 Rxd7 29.Re5 Rd5 30.Rhh5 Rcd8 31.Kf1 g6 32.Rxd5 Rxd5 33.Rxd5 Bxd5 34.
f3 Kg7 35.Ke2 Kf6 36.Bb6 g5 37.Ke3 g4 38.Bd8+ Kf5 39.fxg4+ Kxg4 40.Kf2 Kf4
41.g3+ Kg4 42.Bf6 Kf5 43.Be5 Ke4 44.Ke2 f5 45.h4 Bc6 46.Bf4 Be8 47.Be5 
Bh5+ 48.Kd2 Kd5 49.Ke3 Bg4 1/2-1/2

[Event "Williamson"]
[Site "111"]
[Date "2022.02.04"]
[Round "1"]
[White "Andrew Todd"]
[Black "Joe Gunning"]
[Result "1-0"]
[WhiteElo "1459"]
[BlackElo "1219"]
[EventDate "2022.02.04"]

1.d4 f5 2.Nf3 Nf6 3.Bf4 e6 4.e3 c5 5.c3 d5 6.Bd3 c4 7.Bc2 Be7 8.Nbd2 Nbd7 
9.h4 Ng4 10.Ng5 Ndf6 11.Ba4+ Kf8 12.Ndf3 Bd6 13.Ne5 Bxe5 14.dxe5 Nh5 15.f3
Nxf4 16.exf4 Nh6 17.g4 fxg4 18.fxg4 Qb6 19.Qe2 Nf5 20.Rf1 h6 21.Nf7 Kxf7 
1-0

[Event "Williamson"]
[Site "112"]
[Date "2022.02.04"]
[Round "1"]
[White "Peter Smyth"]
[Black "Liam Ferris"]
[Result "0-1"]
[WhiteElo "1200"]
[BlackElo "1433"]
[EventDate "2022.02.04"]

1.e4 c6 2.d4 d5 3.e5 Bf5 4.h4 h5 5.Bd3 Bxd3 6.Qxd3 e6 7.Nf3 Nd7 8.b3 Ne7 
9.Bg5 f6 10.exf6 gxf6 11.Bd2 e5 12.dxe5 fxe5 13.Bc3 e4 14.Qd4 Rg8 15.Ng5 
Nf5 16.Qd1 Nf6 17.Nd2 Ng4 18.Nf1 Qb6 19.Qe2 O-O-O 20.O-O-O Ba3+ 21.Kb1 
Qxf2 22.Rd2 Qxe2 23.Rxe2 Rge8 24.Nh2 Ng3 25.Nxg4 Nxe2 26.Bf6 hxg4 27.Bxd8 
Nc3+ 28.Ka1 Kxd8 29.h5 e3 30.h6 e2 31.Re1 Nd1 32.h7 Bb2+ 33.Kb1 Kc8 34.Nf7
Bc3 35.Nd6+ Kd7 36.Nxe8 Bh8 37.Kc1 Nc3 38.Kd2 Kxe8 39.Rxe2+ Nxe2 40.Kxe2 
Kf7 41.Ke3 Kg6 42.Kf4 Kxh7 43.Kf5 g3 44.Kf4 Kg6 45.Kxg3 Kg5 46.Kf3 Kf5 47.
g4+ Kg5 48.Kg3 Be5+ 49.Kh3 a5 50.a3 b5 51.a4 b4 52.Kg2 Kxg4 53.Kf2 Kf4 54.
Ke1 Bd4 0-1

[Event "Williamson"]
[Site "113"]
[Date "2022.02.04"]
[Round "1"]
[White "Matthew Smyth"]
[Black "Daniel Cochrane"]
[Result "1-0"]
[WhiteElo "1400"]
[BlackElo "1169"]
[EventDate "2022.02.04"]

1.c4 e5 2.Nc3 Nf6 3.Nf3 Bc5 4.Nxe5 Nc6 5.Nxc6 dxc6 6.e3 Bf5 7.d4 Bb4 8.Bd3
Ne4 9.Qc2 Qe7 10.O-O Bxc3 11.bxc3 c5 12.f3 Nd6 13.Bxf5 Nxc4 14.Qa4+ c6 15.
Qxc4 cxd4 16.exd4 Rd8 17.Bd2 O-O 18.Rfe1 Qf6 19.Bc2 b5 20.Qf1 c5 21.Be3 
cxd4 22.Bxd4 Qc6 23.Be4 Kh8 24.Bxc6 Kg8 25.Qf2 Kh8 26.Qg3 Kg8 27.Qxg7# 1-0

[Event "Williamson"]
[Site "114"]
[Date "2022.02.04"]
[Round "1"]
[White "Amole Mohan Thoke"]
[Black "Tiarnan O'Muilleoir"]
[Result "0-1"]
[WhiteElo "1143"]
[BlackElo "1400"]

1.d4 d5 2.Nf3 Nf6 3.c4 e6 4.Nc3 Be7 5.e3 Nbd7 6.Be2 O-O 7.O-O c5 8.Re1 
cxd4 9.Nxd4 dxc4 10.Bxc4 Ne5 11.Bb3 Bd7 12.Bd2 Rc8 13.Qe2 Nc6 14.Nf3 Na5 
15.Bc2 Nc4 16.Rab1 Nxd2 17.Qxd2 Qa5 18.a3 Rfd8 19.Qe2 a6 20.Nd4 b5 21.Nb3 
Qb6 22.Ne4 Bc6 23.Nxf6+ Bxf6 24.Rec1 Ba8 25.Rd1 Rxd1+ 26.Rxd1 Qc6 27.Bxh7+
Kxh7 28.Qd3+ Qe4 29.Qf1 Bxb2 30.Nd2 Qa4 31.Qd3+ Kg8 32.Rf1 Qxa3 33.Qd7 Qc5
34.Nb3 Qc6 35.Qxc6 Bxc6 36.Rb1 Bf6 37.Rc1 Bd5 38.Nd4 0-1

[Event "Williamson"]
[Site "115"]
[Date "2022.02.04"]
[Round "1"]
[White "Shane Keers"]
[Black "Lorcan Rippon"]
[Result "1-0"]
[WhiteElo "1261"]
[BlackElo "1100"]
[EventDate "2022.02.04"]

1.d4 e5 2.Nf3 Nc6 3.c4 exd4 4.Nxd4 Bc5 5.Nxc6 dxc6 6.Qxd8+ Kxd8 7.Nc3 Nf6 
8.Bg5 h6 9.Bxf6+ gxf6 10.g3 Be6 11.e3 Ke7 12.O-O-O Bb4 13.Ne4 Bg4 14.Rd4 
Rad8 15.a3 Ba5 16.b4 Bb6 17.c5 Bf3 18.Bg2 Bxg2 19.Rhd1 Bxe4 20.Rxe4+ Kf8 
21.Rxd8+ Kg7 22.Rxh8 Kxh8 23.cxb6 cxb6 24.Re7 Kg7 25.Rxb7 a5 26.Rxb6 axb4 
27.axb4 f5 28.Rxc6 f6 29.b5 Kg6 30.b6 f4 31.exf4 Kh5 32.b7 f5 33.b8=Q Kg4 
34.Rxh6 Kf3 35.Qb7+ Ke2 36.Re6+ Kf1 37.Qh1+ 1-0

[Event "Williamson"]
[Site "201"]
[Date "2022.02.05"]
[Round "2"]
[White "James McDonnell"]
[Black "Mandar Tahmankar"]
[Result "0-1"]
[WhiteElo "1759"]
[BlackElo "2099"]
[EventDate "2022.02.05"]

1.e4 c5 2.Nf3 Nc6 3.d4 cxd4 4.Nxd4 Qc7 5.Be3 a6 6.Nc3 e6 7.Nxc6 bxc6 8.a3 
Nf6 9.Bd3 c5 10.Qe2 Be7 11.O-O Bb7 12.Bg5 d6 13.Rae1 Nd7 14.Bxe7 Kxe7 15.
Qe3 h6 16.Be2 Rag8 17.Rd1 g5 18.Rd2 Ne5 19.Rfd1 Rd8 20.Rf1 Ng6 21.Re1 Kf8 
22.Red1 Kg7 23.Qg3 Nf4 24.Bf1 d5 25.exd5 exd5 26.Kh1 Rhe8 27.Ne2 Re4 28.
Nc3 Re5 29.Ne2 Nxe2 30.Rxe2 Rde8 31.Rde1 f6 32.h4 a5 33.Rxe5 Rxe5 34.Rxe5 
Qxe5 35.Qxe5 fxe5 36.hxg5 hxg5 37.Bb5 Kf6 38.Kg1 e4 39.Kf1 Ke5 40.Ke2 d4 
41.g3 Bd5 42.c4 Be6 43.b3 Kd6 44.Be8 Bd7 45.Bf7 Bg4+ 46.Kd2 Ke5 47.Be8 Be6
48.Bc6 Kf5 49.Bb7 Bd7 50.Bd5 Ke5 51.Bf7 a4 52.Kc2 axb3+ 53.Kxb3 e3 54.fxe3
dxe3 55.Bh5 g4 56.Kc3 Ke4 57.a4 Kf3 0-1

[Event "Williamson"]
[Site "202"]
[Date "2022.02.05"]
[Round "2"]
[White "Gareth Annesley"]
[Black "David Hill"]
[Result "1-0"]
[WhiteElo "1934"]
[BlackElo "1599"]
[EventDate "2022.02.05"]

1.e4 c5 2.Nf3 Nc6 3.d4 cxd4 4.Nxd4 Nf6 5.Nc3 d6 6.Bg5 e6 7.Qd2 a6 8.O-O-O 
Bd7 9.f4 Be7 10.Nxc6 Bxc6 11.Bd3 b5 12.e5 dxe5 13.fxe5 Nd5 14.Ne4 O-O 15.
h4 f5 16.Nd6 f4 17.Qe2 Ne3 18.Qh5 Be8 19.Qf3 g6 20.Rd2 Ra7 21.g3 Nd5 22.
Qg4 Kg7 23.Qxe6 Nc7 24.Nxe8+ Qxe8 25.Qb6 Qf7 26.Qxa7 Qxa2 27.c3 1-0

[Event "Williamson"]
[Site "203"]
[Date "2022.02.05"]
[Round "2"]
[White "Danny Roberts"]
[Black "Dean Gorman"]
[Result "1-0"]
[WhiteElo "1974"]
[BlackElo "1800"]
[EventDate "2022.02.05"]

1.Nf3 d6 2.g3 g6 3.Bg2 Bg7 4.c4 Nf6 5.d4 c6 6.Nc3 Bf5 7.b3 Qc8 8.h3 O-O 9.
Bb2 Qc7 10.O-O Be4 11.Nxe4 Nxe4 12.Qc2 Nf6 13.e4 e6 14.Rad1 d5 15.exd5 
cxd5 16.Rfe1 Nc6 17.Ne5 Nxe5 18.dxe5 Nd7 19.Ba3 Bxe5 20.Bxf8 Rxf8 21.Qe2 
d4 22.Qf3 Rb8 23.Qe4 Qc5 24.Qd3 Bg7 25.f4 h5 26.Kh1 g5 27.b4 Qe7 28.f5 
Qxb4 29.fxe6 fxe6 30.Qg6 Qxc4 31.Qxe6+ Qxe6 32.Rxe6 Kf7 33.Bd5 Bf6 34.Ra6+
Ke7 35.Re1+ Kd8 36.Rxa7 Nc5 37.Ra5 b6 38.Ra7 Nd7 39.Bf7 Ne5 40.Bxh5 Nd3 
41.Re8# 1-0

[Event "Williamson"]
[Site "204"]
[Date "2022.02.05"]
[Round "2"]
[White "Chris Kelly"]
[Black "Robert Lavery"]
[Result "1/2-1/2"]
[WhiteElo "1736"]
[BlackElo "1685"]
[EventDate "2022.02.05"]

1.d4 Nf6 2.c4 g6 3.Nc3 Bg7 4.Nf3 d6 5.Bg5 O-O 6.e3 Nbd7 7.Be2 c5 8.d5 Re8 
9.O-O Nf8 10.h3 Bd7 11.Qc2 a6 12.a4 Qc7 13.e4 e5 14.Nd2 h6 15.Be3 N6h7 16.
f4 exf4 17.Bxf4 Bc8 18.Nf3 Nd7 19.Qd2 h5 20.Bh6 Bh8 21.Qf4 Ne5 22.Ng5 Nxg5
23.Bxg5 Rf8 24.Bf6 Bg7 25.Rf2 Bxf6 26.Qxf6 Qd8 27.Qf4 Kg7 28.Raf1 f5 29.
Qg3 Kh6 30.Qe3+ Qg5 31.Rf4 Kg7 32.Qf2 Bd7 33.h4 Qe7 34.Qg3 Kh6 35.Qe3 Kg7 
36.Qg3 Kh6 1/2-1/2

[Event "Williamson"]
[Site "205"]
[Date "2022.02.05"]
[Round "2"]
[White "Michael Sheerin"]
[Black "Adam Rushe"]
[Result "1-0"]
[WhiteElo "1683"]
[BlackElo "1610"]
[EventDate "2022.02.05"]

1.e4 d5 2.exd5 Qxd5 3.Nc3 Qa5 4.b4 Qb6 5.Nf3 Nf6 6.a4 c6 7.b5 Qc7 8.Ba3 
Bg4 9.h3 Bh5 10.Be2 a6 11.O-O e6 12.Bxf8 Kxf8 13.Qb1 axb5 14.axb5 Rxa1 15.
Qxa1 Ke7 16.bxc6 Nxc6 17.Nb5 Qa5 18.Qb2 Ra8 19.Nc3 Qb4 20.Rb1 Qxb2 21.Rxb2
Rb8 22.g4 Bg6 23.d3 h6 24.Nh4 Bh7 25.f4 Nd4 26.Bd1 b5 27.Nf3 Nxf3+ 28.Bxf3
b4 29.Na2 b3 30.Nc1 Nd7 31.Rxb3 Rxb3 32.Nxb3 Kd6 33.Kf2 Nb6 34.Ke3 Nd5+ 
35.Bxd5 Kxd5 36.c4+ Kc6 37.Kd4 g5 38.fxg5 hxg5 39.Nd2 e5+ 40.Ke3 Kc5 41.
Ne4+ Kb4 42.Nxg5 Bg6 43.h4 f6 44.h5 1-0

[Event "Williamson"]
[Site "206"]
[Date "2022.02.05"]
[Round "2"]
[White "James O'Fee"]
[Black "Conor Spackman"]
[Result "1/2-1/2"]
[WhiteElo "1615"]
[BlackElo "1664"]
[EventDate "2022.02.05"]

1.d4 Nf6 2.c4 g6 3.Nc3 Bg7 4.e4 d6 5.Nge2 O-O 6.Ng3 Nbd7 7.Be2 e5 8.d5 a5 
9.h4 h5 10.Bg5 Nc5 11.Bxh5 gxh5 12.Nxh5 Kh7 13.Qf3 Kg6 14.Nxg7 Kxg7 15.
O-O-O Kg6 16.Rdg1 Bg4 17.Qe3 Qc8 18.Bxf6 Rg8 19.Be7 f6 20.f3 Bd7 21.g4 Kf7
22.Bxf6 Kxf6 23.g5+ Ke7 24.g6 Qf8 25.Qg5+ Qf6 26.h5 Nd3+ 27.Kd2 Qxg5+ 28.
Rxg5 Nf4 29.Ne2 Kf6 30.Rg3 Nxe2 31.Kxe2 Rg7 32.Rhg1 Rh8 33.Rg5 b5 34.b3 b4
35.Ke3 Bc8 36.f4 exf4+ 37.Kxf4 Bd7 38.e5+ dxe5+ 39.Rxe5 Re8 40.Rge1 Rxe5 
41.Rxe5 Bh3 42.c5 Bd7 43.d6 c6 44.Re7 Rxe7 45.dxe7 Kxe7 46.Kg5 Kf8 47.Kf6 
Kg8 48.h6 Bg4 49.Ke5 Bf3 50.Kd6 Be4 51.g7 Bb1 52.Kxc6 Bxa2 53.Kb5 Bxb3 54.
Kxa5 Be6 55.Kxb4 Kh7 56.c6 Kxh6 57.g8=Q Bxg8 58.Kc5 Be6 59.Kd6 Bg4 1/2-1/2

[Event "Williamson"]
[Site "208"]
[Date "2022.02.05"]
[Round "2"]
[White "Cathal Murphy"]
[Black "Shane Keers"]
[Result "1/2-1/2"]
[WhiteElo "1551"]
[BlackElo "1261"]
[EventDate "2022.02.05"]

1.e4 e6 2.d4 d5 3.e5 c5 4.c3 Ne7 5.dxc5 Nec6 6.Bb5 Bxc5 7.Nf3 Bd7 8.O-O 
Nxe5 9.Bxd7+ Nexd7 10.Nbd2 Nc6 11.Nb3 Be7 12.Nfd4 Nde5 13.f4 Nc4 14.Qg4 
Bf6 15.f5 h5 16.Qe2 Nxd4 17.Nxd4 e5 18.b3 O-O 19.Nf3 Nb6 20.Bb2 Qc8 21.h4 
Qxf5 22.Ng5 Qg4 23.Qc2 Bxg5 24.hxg5 Qxg5 25.Rae1 f6 26.Rf5 Qg4 27.Ref1 h4 
28.R1f3 e4 29.R3f4 Qg3 30.Bc1 g5 31.Rf1 Kg7 32.c4 Rac8 33.Qb2 Qd6 34.Rxg5+
Kf7 35.Rgf5 Kg6 36.Qe2 Kf7 37.Qh5+ Ke6 38.Qxh4 Qc5+ 39.R5f2 Nd7 40.Qg4+ 
Kd6 41.Bf4+ Kc6 42.cxd5+ Kb6 43.Qxd7 e3 44.Re2 Rfe8 45.Qd6+ Kb5 46.Qd7+ 
Kb6 47.Qg4 1/2-1/2

[Event "Williamson"]
[Site "209"]
[Date "2022.02.05"]
[Round "2"]
[White "Tiarnan O'Muilleoir"]
[Black "Andrew Todd"]
[Result "1-0"]
[WhiteElo "1400"]
[BlackElo "1459"]
[EventDate "2022.02.05"]

1.e4 d6 2.d4 Nf6 3.Nc3 e5 4.Nf3 Nbd7 5.Bc4 Be7 6.O-O O-O 7.h3 c6 8.a4 a5 
9.Re1 Re8 10.Be3 exd4 11.Qxd4 Bf8 12.Rad1 c5 13.Qd3 b6 14.Bf4 Bb7 15.Bxd6 
Bxd6 16.Qxd6 Qe7 17.Qc7 Ne5 18.Qxe7 Nxf3+ 19.gxf3 Rxe7 20.Rd6 Ba6 21.Nb5 
Rb8 22.Red1 h6 23.Rd8+ Rxd8 24.Rxd8+ Kh7 25.Ra8 Bxb5 26.Bxb5 Kg6 27.Rb8 
Re6 28.Rb7 Nh7 29.Bc4 Rf6 30.e5 Rxf3 31.Bd3+ f5 32.exf6+ Kxf6 33.Rxb6+ Ke7
34.Bxh7 Rxh3 35.Kg2 Rh5 36.Rb5 Rg5+ 37.Kh3 c4 38.Rxg5 hxg5 39.Bg8 1-0

[Event "Williamson"]
[Site "210"]
[Date "2022.02.05"]
[Round "2"]
[White "Liam Ferris"]
[Black "David Seaby"]
[Result "1-0"]
[WhiteElo "1433"]
[BlackElo "1093"]
[EventDate "2022.02.05"]

1.e4 c6 2.Nc3 Nf6 3.e5 Nd5 4.Bc4 e6 5.Nf3 d6 6.d4 Nxc3 7.bxc3 d5 8.Bd3 Be7
9.h4 h6 10.g4 Nd7 11.g5 h5 12.g6 f5 13.exf6 Bxf6 14.Ng5 Bxg5 15.Bxg5 Nf6 
16.Qf3 Qe7 17.Bxf6 Qxf6 18.Qxf6 gxf6 19.Rg1 f5 20.Be2 Rg8 21.Bxh5 Rg7 22.
Be2 Bd7 23.h5 O-O-O 24.h6 Rgg8 25.g7 Kc7 26.h7 Rxg7 27.Rxg7 Rh8 28.Bh5 Kd6
29.Bg6 Be8 30.Bxe8 Rxe8 31.Rg8 1-0

[Event "Williamson"]
[Site "211"]
[Date "2022.02.05"]
[Round "2"]
[White "Sett Podean"]
[Black "Matthew Smyth"]
[Result "0-1"]
[WhiteElo "1248"]
[BlackElo "1400"]
[EventDate "2022.02.05"]

1.e4 c5 2.Nf3 e6 3.d4 cxd4 4.Nxd4 a6 5.Be2 Nf6 6.e5 Qa5+ 7.Bd2 Qxe5 8.Nf3 
Qxb2 9.Nc3 Qb6 10.Rb1 Qc7 11.O-O d5 12.Na4 b5 13.Nb2 Bd6 14.Nd3 O-O 15.Bb4
Nbd7 16.Qd2 Ne4 17.Bxd6 Qxd6 18.Qf4 Qxf4 19.Nxf4 Bb7 20.Rfd1 Nc3 21.Bd3 e5
22.Re1 Nxb1 23.Rxb1 exf4 24.Ng5 Nf6 25.Rb4 h6 26.Nf3 g5 27.Nd4 Rae8 28.Kf1
Ne4 29.f3 Nd6 30.h4 Re5 31.hxg5 hxg5 32.Rb1 Kg7 33.Nb3 Bc8 34.Nc5 d4 35.
Rb4 Rxc5 36.Rxd4 Nf5 37.Bxf5 Bxf5 0-1

[Event "Williamson"]
[Site "212"]
[Date "2022.02.05"]
[Round "2"]
[White "Bobby Thompson"]
[Black "Kyle Milligan"]
[Result "1-0"]
[WhiteElo "1483"]
[BlackElo "1347"]

1.d4 Nf6 2.c4 e6 3.Nc3 Bb4 4.e3 O-O 5.Bd3 c5 6.Ne2 d5 7.cxd5 exd5 8.O-O 
Nc6 9.a3 Bxc3 10.bxc3 b6 11.Bd2 Bb7 12.Ng3 Ne7 13.Rb1 Qc7 14.Qe2 Rfe8 15.
Rfe1 Rac8 16.Ba6 Bxa6 17.Qxa6 Nc6 18.Qd3 Ne4 19.Nxe4 dxe4 20.Qc2 c4 21.a4 
Na5 22.Bc1 Nb3 23.Qa2 Qc6 24.Qa3 a5 25.Rb2 Rcd8 26.Ra2 Rd5 27.Qb2 Re6 28.
Qe2 Rg6 29.f4 Rh6 30.Qf1 Rdh5 31.g3 Rh3 32.Ree2 Qg6 33.Rg2 f5 34.Bd2 Qh5 
35.Qxc4+ Kf8 36.Qe2 Qf7 37.Rb2 Nxd2 38.Qxd2 Qc4 39.Rb5 1-0

[Event "Williamson"]
[Site "213"]
[Date "2022.02.05"]
[Round "2"]
[White "Joe Gunning"]
[Black "Ethan Cole"]
[Result "0-1"]
[WhiteElo "1219"]
[BlackElo "1233"]
[EventDate "2022.02.05"]

1.c4 e6 2.Nc3 Nf6 3.d4 Bb4 4.Bd2 O-O 5.a3 Bxc3 6.Bxc3 d5 7.e3 Re8 8.Nf3 b6
9.Bd3 Bb7 10.O-O c5 11.Qc2 h6 12.b3 dxc4 13.bxc4 Bxf3 14.gxf3 cxd4 15.Bxd4
Nc6 16.Bb2 Nd7 17.f4 Nc5 18.Be2 Qe7 19.Bf3 Rac8 20.Qc3 f6 21.Kh1 Na4 22.
Qc2 Nxb2 23.Qxb2 Na5 24.Be2 Nxc4 25.Bxc4 Rxc4 26.Rac1 Rec8 27.Rxc4 Rxc4 
28.Qb5 Qb7+ 29.Kg1 Qc6 30.Qa6 Ra4 31.Qd3 Rc4 32.Qd2 e5 33.f5 Rg4# 0-1

[Event "Williamson"]
[Site "214"]
[Date "2022.02.05"]
[Round "2"]
[White "Daniel Cochrane"]
[Black "Adrian Dornford Smith"]
[Result "0-1"]
[WhiteElo "1169"]
[BlackElo "1248"]
[EventDate "2022.02.05"]

1.c4 c5 2.Nc3 Nc6 3.g3 Nf6 4.Bg2 e6 5.Nf3 Be7 6.O-O O-O 7.d4 cxd4 8.Nxd4 
a6 9.Nxc6 bxc6 10.Qa4 Bb7 11.Bf4 Nh5 12.Be5 d6 13.Bd4 Qc7 14.Be3 Nf6 15.
Rfd1 c5 16.Bxb7 Qxb7 17.Rab1 Rfb8 18.f3 h6 19.a3 Qb3 20.Qxb3 Rxb3 21.g4 
Rab8 22.Rd2 Rxc3 23.Rd3 Rxc4 24.Kf2 Nd5 25.Bc1 Rc2 26.h4 Bxh4+ 0-1

[Event "Williamson"]
[Site "215"]
[Date "2022.02.05"]
[Round "2"]
[White "Lorcan Rippon"]
[Black "Peter Smyth"]
[Result "0-1"]
[WhiteElo "1100"]
[BlackElo "1200"]
[EventDate "2022.02.05"]

1.e4 e6 2.Nf3 c5 3.Nc3 Nc6 4.Bc4 Nge7 5.Qe2 Ng6 6.O-O Be7 7.d3 a6 8.a4 O-O
9.Be3 Qb6 10.b3 Bf6 11.Bd2 Rd8 12.Rac1 Bxc3 13.Bxc3 d5 14.Qd2 dxc4 15.bxc4
Nb4 16.Rb1 Bd7 17.Qe3 Bxa4 18.Bxb4 cxb4 19.Qxb6 Bxc2 20.Rxb4 Bxd3 21.Rd1 
Rd7 22.Qe3 Rad8 23.Ne1 Bc2 24.Rxd7 Rxd7 25.g3 a5 26.Rb2 Ba4 27.Nf3 Bc6 28.
Qa7 Bxe4 29.Ne5 Rd1# 0-1

[Event "Williamson"]
[Site "301"]
[Date "2022.02.05"]
[Round "3"]
[White "Mandar Tahmankar"]
[Black "Gareth Annesley"]
[Result "0-1"]
[WhiteElo "2099"]
[BlackElo "1934"]
[EventDate "2022.02.05"]

1.d4 d5 2.c4 e6 3.Nf3 Nf6 4.Nc3 dxc4 5.g3 Bb4 6.Bg2 O-O 7.O-O Bd7 8.Ne5 
Bc6 9.Nxc6 Nxc6 10.Bxc6 bxc6 11.Bg5 Bxc3 12.bxc3 Qd5 13.Bxf6 gxf6 14.Qd2 
c5 15.Rfd1 Rfd8 16.Qf4 Qg5 17.Qxc7 cxd4 18.Rxd4 Rxd4 19.cxd4 Qd5 20.e3 e5 
21.dxe5 Qxe5 22.Qxe5 fxe5 23.Rc1 Rc8 24.Kg2 Kf8 25.Kf3 Ke7 26.Ke4 Ke6 27.
g4 f6 28.f4 h6 29.Rc2 Rc7 30.h4 Rc8 31.fxe5 fxe5 32.g5 hxg5 33.hxg5 Rc7 
34.Rc3 Rc5 35.Rc1 Rc7 36.Rc2 Rc5 37.Rc3 Rc7 38.a3 Rc5 39.a4 Rc7 40.Rc2 Rc5
41.Rc1 Rc7 42.g6 Kf6 43.Kd5 Rd7+ 44.Ke4 Rc7 45.g7 Rxg7 46.Rxc4 Rg4+ 47.Kd5
Rxc4 48.Kxc4 Kg5 49.Kc5 Kg4 50.Kd6 e4 51.Ke5 Kf3 52.Kd4 a5 0-1

[Event "Williamson "]
[Site "302"]
[Date "2022.02.05"]
[Round "3"]
[White "Cathan Gormley"]
[Black "Danny Roberts"]
[Result "0-1"]
[WhiteElo "1600"]
[BlackElo "1974"]
[EventDate "2022.02.05"]

1.d4 g6 2.e4 Bg7 3.Nc3 c5 4.d5 d6 5.Nf3 Nf6 6.Bb5+ Nbd7 7.a4 O-O 8.h3 a6 
9.Bxd7 Bxd7 10.O-O b5 11.Re1 b4 12.Nb1 c4 13.c3 a5 14.Qc2 Qc7 15.cxb4 axb4
16.Nbd2 Rfc8 17.b3 Nxd5 18.exd5 Bxa1 19.Nxc4 Bxa4 20.Nfd2 Bb5 21.Re4 Qb7 
22.Qd3 Rc5 23.Nf3 Qxd5 24.Qxd5 Rxd5 25.Bh6 Rd1+ 26.Kh2 d5 0-1

[Event "Williamson"]
[Site "303"]
[Date "2022.02.05"]
[Round "3"]
[White "Dean Gorman"]
[Black "Chris Kelly"]
[Result "1-0"]
[WhiteElo "1800"]
[BlackElo "1736"]
[EventDate "2022.02.05"]

1.e4 e6 2.d4 d5 3.exd5 exd5 4.Bd3 Bd6 5.Be3 Nc6 6.c3 Nge7 7.Qc2 Ng6 8.Ne2 
O-O 9.Nd2 a6 10.O-O-O b5 11.h4 b4 12.h5 bxc3 13.hxg6 Nb4 14.Rxh7 cxb2+ 15.
Kb1 Nxc2 16.Rdh1 fxg6 17.Bxg6 Na3+ 18.Kxb2 Rb8+ 19.Kc1 Bh3 20.R1xh3 1-0

[Event "Williamson"]
[Site "304"]
[Date "2022.02.05"]
[Round "3"]
[White "David Hill"]
[Black "James McDonnell"]
[Result "1-0"]
[WhiteElo "1599"]
[BlackElo "1759"]
[EventDate "2022.02.05"]

1.d4 d5 2.c4 c6 3.Nf3 Nf6 4.e3 e6 5.Nc3 Nbd7 6.Bd3 dxc4 7.Bxc4 b5 8.Bd3 a6
9.O-O Bd6 10.e4 e5 11.Be3 O-O 12.dxe5 Nxe5 13.Nxe5 Bxe5 14.Bc2 Qc7 15.f4 
Rd8 16.Qe1 Bd4 17.Rd1 Bxe3+ 18.Qxe3 Bb7 19.h3 Re8 20.e5 g6 21.Qc5 Nd7 22.
Qd6 Qb6+ 23.Qd4 Rad8 24.Ne4 c5 25.Qd6 Bxe4 26.Bxe4 Qa5 27.Qc6 Nf8 28.Bd5 
Rc8 29.Qf6 Rc7 30.f5 gxf5 31.Rxf5 Ree7 32.Rg5+ Ng6 33.e6 1-0

[Event "Williamson"]
[Site "305"]
[Date "2022.02.05"]
[Round "3"]
[White "Conor Spackman"]
[Black "Michael Sheerin"]
[Result "1/2-1/2"]
[WhiteElo "1664"]
[BlackElo "1683"]
[EventDate "2022.02.05"]

1.e4 d5 2.exd5 Nf6 3.Nf3 Bg4 4.Be2 Qxd5 5.Nc3 Qf5 6.d4 Nc6 7.h3 Bxf3 8.
Bxf3 Nb4 9.O-O O-O-O 10.Ne4 e6 11.Nxf6 gxf6 12.Qe2 Nxc2 13.Be4 Nxd4 14.Qe3
Qh5 15.Bd2 Bc5 16.g4 Rhg8 17.Rac1 Ne2+ 18.Qxe2 Qxh3 19.Bxb7+ Kb8 20.Bf3 
Rxd2 21.Qe4 Qg3+ 22.Kh1 Qh3+ 23.Kg1 Qg3+ 1/2-1/2